000 01064nam0a22002411 4500
001 rc\950447
005 20260406161022.0
035 _a(NLR Aleph) 006122074
090 _a5471582
_c5471582
100 _a20041129d1982 |||y0rusy50 ca
101 0 _arus
102 _aRU
105 _ay |||||||||
200 1 _aОсновные принципы общей перфузии организма в условиях среднегорья
_eМетод. рекомендации
_fМ-во здравоохранения АрмССР, Ерев. фил. Всесоюз. науч. центра хирургии АМН СССР
_g[Сост. Шахназаров М.И.]
210 _aЕреван
_cБ. и.
_d1982
215 _a13 с.
_d20
702 1 _aШахназаров
_bМ.И.
_gМихаил Иванович
_4220
712 0 2 _aВсесоюзный науч. центр хирургии
_bЕреванский филиал
_3RU\NLR\AUTH\889932379
_9360058
801 0 _aRU
_bNLR
_gpsbo
801 1 _aRU
_bELAR
_2rusmarc
852 _aNLR
_j84-4/7936
942 _cBOOK
980 _aNB